Catálogo
 En Linea

Vie illustree de Christophe Colomb / (Registro nro. 33120)

Detalles MARC
000 -CABECERA
campo de control de longitud fija 00454nam a2200145 a 4500
001 - NÚMERO DE CONTROL
campo de control 000033629
005 - FECHA Y HORA DE LA ÚLTIMA TRANSACCIÓN
campo de control 20200930070410.0
008 - DATOS DE LONGITUD FIJA--INFORMACIÓN GENERAL
campo de control de longitud fija 110902s1898 fr ac 000 0 fre d
040 ## - FUENTE DE LA CATALOGACIÓN
Centro catalogador/agencia de origen DO-SdBNP
Lengua de catalogación spa
Centro/agencia transcriptor BNPHU
082 ## - NÚMERO DE LA CLASIFICACIÓN DECIMAL DEWEY
Número de clasificación xxx
Número de documento/Ítem H184v
100 1# - ENTRADA PRINCIPAL--NOMBRE DE PERSONA
Nombre de persona Dʻ Hallencourt, Charles
9 (RLIN) 59101
245 10 - MENCIÓN DE TÍTULO
Título Vie illustree de Christophe Colomb /
Mención de responsabilidad, etc. Charles DʻHallencourt.
260 ## - PUBLICACIÓN, DISTRIBUCIÓN, ETC.
Lugar de publicación, distribución, etc. Abbeville, France :
Nombre del editor, distribuidor, etc. C. Paillart,
Fecha de publicación, distribución, etc. 1898.
300 ## - DESCRIPCIÓN FÍSICA
Extensión 240 p. :
Otras características físicas il., retrs. ;
Dimensiones 24 cm.
Existencias
Estado de retiro Estado de pérdida Restricciones de uso No para préstamo Código de colección Localización permanente Ubicación/localización actual Ubicación en estantería Fecha de adquisición Número de inventario Total de préstamos Signatura topográfica completa Código de barras Fecha visto por última vez Precio válido a partir de Tipo de ítem Koha
      Excluido de préstamo Raros y valiosos General General En catalogación 02.09.2011 LF1   xxx H184v 33629-10 25.06.2020 25.06.2020 No se presta
        Monografías: Libros y Folletos Patrimonio Dominicano Patrimonio Dominicano Orden iniciada 02.09.2011 LF1   xxx H184v 33630-10 25.06.2020 25.06.2020 No se presta

Con tecnología Koha